000 00280nam a22001217a 4500
008 170313b xxu||||| |||| 00| 0 eng d
041 _aeng
080 _28TH
_a591
100 _a7
101 _aSHM
245 _aDUKES PHYSIOLOGY OF DOMESTIC ANIMALS
_cSWENSON, M.J
942 _2udc
_cBK
999 _c7707
_d7707